| 000 | 01181nam a2200229Ia 4500 | ||
|---|---|---|---|
| 001 | 20282 | ||
| 003 | GE_BSU | ||
| 008 | 181216s||||||||xx |||||||||||||| ||und|| | ||
| 040 | _cGE_BSU | ||
| 080 | _a81-11 + 81'1 | ||
| 100 | _aმარი, ნიკო (1864-1934) | ||
| 245 | _aისტორიული პროცესის საკითხისათვის იაფეტური თეორიის გაშუქებით | ||
| 245 | _bმოხსენება ისტორიკოს-მარქსისტთა პირველ საკავშირო კონფერენციაზე-28/XII-1928-4/I-1929 და მის გამო წარმოებული კამათი | ||
| 245 | _cთარგმ. დ. კარბელაშვილისა | ||
| 260 | _aტფილისი | ||
| 260 | _c1934 | ||
| 300 | _a81 გვ. ; 18 სმ. | ||
| 541 | _h20თ. | ||
| 653 | _aისტორიული პროცესის საკითხისათვის იაფეტური თეორიის გაშუქებით | ||
| 653 | _aქართული ენა | ||
| 942 | _cBK | ||
| 999 |
_c53241 _d53241 |
||